Programovateľné riadiace systémy pre logické riadenie technologických procesov seminárny kurz

Guardado en:
Detalles Bibliográficos
Formato: Libro
Lenguaje:eslovaco
Publicado: Bratislava Dom techniky ČSVTS 1983
Etiquetas: Agregar Etiqueta
Sin Etiquetas, Sea el primero en etiquetar este registro!

MARC

LEADER 00000nam a2200000 4500
001 c133711
005 20041019155259.0
041 0 |a slo 
044 |a SK 
245 1 0 |a Programovateľné riadiace systémy pre logické riadenie technologických procesov  |b seminárny kurz 
264 1 |a Bratislava  |b Dom techniky ČSVTS  |c 1983 
300 |a 214 s.